|
|
|
|
| LEADER |
00000nam a2200000 i 4500 |
| 001 |
DIGVIETO171 |
| 003 |
NyNyDIG |
| 008 |
200715s2016 sp o 000 0 spa d |
| 006 |
m o d |
| 007 |
cr ||||||||||| |
| 035 |
|
|
|a (OCoLC)1196210711
|
| 040 |
|
|
|a DGITA
|b eng
|e rda
|e pn
|c DGITA
|
| 020 |
|
|
|z 9788416288731
|
| 020 |
|
|
|z 8416288739
|
| 043 |
|
|
|a e-sp---
|
| 050 |
1 |
4 |
|a DP302.C68 ebook
|
| 082 |
0 |
4 |
|a 320.5409467
|
| 100 |
1 |
|
|a Cruz, Manuel,
|d 1951-
|e author.
|
| 245 |
1 |
0 |
|a Travesía de la nada :
|b reflexiones sobre el argumentario independentista /
|c Manuel Cruz.
|
| 264 |
|
1 |
|a Vilassar de Dalt (Barcelona) :
|b El Viejo Topo,
|c [2016]
|
| 300 |
|
|
|a 1 online resource.
|
| 336 |
|
|
|a text
|b txt
|2 rdacontent
|
| 337 |
|
|
|a computer
|b c
|2 rdamedia
|
| 338 |
|
|
|a online resource
|b cr
|2 rdacarrier
|
| 347 |
|
|
|a text file
|2 rdaft
|
| 347 |
|
|
|b PDF
|
| 588 |
0 |
|
|a Online resource; title from PDF title page (Digitalia, viewed July 25, 2020)
|
| 650 |
|
0 |
|a Nationalism
|z Spain
|z Catalonia.
|
| 651 |
|
0 |
|a Catalonia (Spain)
|x History
|x Autonomy and independence movements.
|
| 655 |
|
0 |
|a Electronic books.
|
| 791 |
2 |
|
|a Digitalia (Firm),
|e distributor.
|
| 793 |
0 |
|
|g Digitalia eBook Collection:
|a El Viejo Topo
|
| 776 |
0 |
8 |
|i Print version:
|a Cruz, Manuel, 1951-
|t Travesía de la nada.
|d Vilassar de Dalt (Barcelona) : El Viejo Topo, [2016]
|z 9788416288731
|w (DLC) 2016444204
|w (OCoLC)944522250
|
| 856 |
4 |
0 |
|3 Digitalia Hispánica
|u https://www.digitaliapublishing.com/a/57882/
|
| 910 |
|
|
|a Premium collection: 2020
|